Missing Word: Movies AA - AZ Quiz Stats

 Plays Quiz Updated Sep 27, 2015

Challenge
Share
Tweet
Embed
Score 0/24 Timer 04:00
0 Plays Today
Movie Answer % Correct
Angels & ___ (D)Demons
97.3%
Apocalypse ___ (N)Now
97.1%
Anger ___ (M)Management
96.2%
(The) A-___ (T)Team
94.8%
A.I. Artificial ___ (I)Intelligence
93.8%
Animal ___ (H)House
92.9%
(The) African ___ (Q)Queen
92.7%
The Astronaut's ___ (W)Wife
90.4%
American ___ (B)Beauty
89.9%
Another ___ (Y)Year
82.6%
Across the ___ (U)Universe
82.1%
Angela's ___ (A)Ashes
79.6%
Movie Answer % Correct
Anna ___ (K)Karenina
73.5%
Attack of the Vegan ___ (Z)Zombies
66.3%
American ___ (P)Psycho
65.8%
American ___ (S)Sniper
63.5%
Animal ___ (C)Crackers
63.4%
Anything ___ (E)Else
63.2%
Alien: ___ (R)Resurrection
61.3%
├ćon ___ (F)Flux
60.5%
American ___ (G)Graffiti
59.6%
After ___ (L)Life
50.1%
American ___ (O)Outlaws
8.7%
American ___ (V)Violet
7.3%

Today's Daily Dose

Missing Word
Hayao Miyazaki

Word Ladder
Florida

On This Day
December 13th II

You're not logged in!

Compare scores with friends on all Sporcle quizzes.
OR
Log In

You Might Also Like...

Show Comments

Extras

Top Quizzes Today


Score Distribution

Your Account Isn't Verified!

In order to create a playlist on Sporcle, you need to verify the email address you used during registration. Go to your Sporcle Settings to finish the process.

Report this User

Report this user for behavior that violates our Community Guidelines.

Details: